000 00647nam a2200217 4500
001 111822
003 ES-MaACL
005 20230906185352.0
007 t|
008 061121s1956 sp r ||||1| spa d
100 1 _aNeville, Edgar,
_d1899-1967
_985470
245 1 3 _aLa familia Mínguez /
_cEdgar Neville.
250 _a2ª ed. il. por Eduardo Vicente.
260 _aMadrid :
_bTaurus,
_c1956.
300 _a212 p., 8 lám. ;
_c19 cm.
490 1 _aEl club de las sonrisas
700 1 _aVicente, Eduardo.
_9114331
830 0 _aEl club de las sonrisas
_9233087
852 _aES-MaACL
_jC-11029
_bR.39027
999 _c111822
_d111822